书目信息 |
| 题名: |
制冷原理与技术
|
|
| 作者: | 王如竹 , 丁国良 , 吴静怡 编 | |
| 分册: | ||
| 出版信息: | 北京 科学出版社 2003.08 |
|
| 页数: | 558页 | |
| 开本: | 24cm | |
| 丛书名: | ||
| 单 册: | ||
| 中图分类: | TB6 | |
| 科图分类: | ||
| 主题词: | 制冷--zhi leng--理论 , 制冷技术--zhi leng ji shu | |
| 电子资源: | ||
| ISBN: | 978-7-03-011342-9 | |
| 000 | 01050nam0 2200301 450 | |
| 001 | 012008062435 | |
| 005 | 20091221151946.64 | |
| 010 | @a978-7-03-011342-9@dCNY48.00 (含光盘) | |
| 010 | @a7-900122-84-2@b光盘 | |
| 100 | @a20080425d2003 em y0chiy0120 ea | |
| 101 | 0 | @achi |
| 102 | @aCN@b110000 | |
| 105 | @aa z 000yy | |
| 106 | @ar | |
| 200 | 1 | @a制冷原理与技术@Azhi leng yuan li yu ji shu@f王如竹 ... [等] 编@Fwang ru zhu...[deng]bian |
| 210 | @a北京@c科学出版社@d2003.08 | |
| 215 | @a558页@c图@d24cm@e光盘1片 | |
| 300 | @a国家级精品课程主干教材 | |
| 304 | @a题名页题: 王如竹, 丁国良, 吴静怡, 连之伟, 谷波编 | |
| 330 | @a本书在介绍制冷与低温的热力学基础上,讲述制冷技术、低温原理与技术、空气调节原理与技术,并介绍了制冷空调中的计算机仿真与控制。 | |
| 606 | 0 | @a制冷@Azhi leng@x理论 |
| 606 | 0 | @a制冷技术@Azhi leng ji shu |
| 690 | @aTB6@v4 | |
| 701 | 0 | @a王如竹@Awang ru zhu@4编 |
| 701 | 0 | @a丁国良@Ading guo liang@4编 |
| 701 | 0 | @a吴静怡@Awu jing yi@4编 |
| 801 | 0 | @aCN@bQSSK@c20091221 |
| 905 | @b297408-10@dTB6@eW320@f3 | |
| 制冷原理与技术/王如竹 ... [等] 编.-北京:科学出版社,2003.08 |
| 558页:图;24cm+光盘1片 |
| 国家级精品课程主干教材 |
| ISBN 978-7-03-011342-9:CNY48.00 (含光盘) |
| 本书在介绍制冷与低温的热力学基础上,讲述制冷技术、低温原理与技术、空气调节原理与技术,并介绍了制冷空调中的计算机仿真与控制。 |
| ● |
| 相关链接 |
|
|
|
正题名:制冷原理与技术
索取号:TB6/W320
 
预约/预借
| 序号 | 登录号 | 条形码 | 馆藏地/架位号 | 状态 | 备注 |
| 1 | 297408 | 202974086 | 自科库501/501自科库 18排2列2层/ [索取号:TB6/W320] | 在馆 | |
| 2 | 297409 | 202974095 | 期刊室512/501自科库 18排1列2层/ [索取号:TB6/W320] | 在馆 | |
| 3 | 297410 | 202974102 | 自科库501/501自科库 18排2列2层/ [索取号:TB6/W320] | 在馆 |